Các dạng toán và phương pháp giải hóa học 10 : Tự luận và trắc nghiệm

Uloženo v:
Podrobná bibliografie
Hlavní autor: Lê, Thanh Xuân
Médium: Kniha
Jazyk:Undetermined
Vydáno: Hà Nội Giáo dục Việt Nam 2013
Témata:
Tagy: Přidat tag
Žádné tagy, Buďte první, kdo otaguje tento záznam!
Thư viện lưu trữ: Trung tâm Học liệu Trường Đại học Cần Thơ
LEADER 00681nam a2200217Ia 4500
001 CTU_185074
008 210402s9999 xx 000 0 und d
020 |c 36000 
082 |a 540.76 
082 |b X502 
100 |a Lê, Thanh Xuân 
245 0 |a Các dạng toán và phương pháp giải hóa học 10 : 
245 0 |b Tự luận và trắc nghiệm 
245 0 |c Lê Thanh Xuân 
260 |a Hà Nội 
260 |b Giáo dục Việt Nam 
260 |c 2013 
650 |a Chemistry,Hóa học 
650 |x Problems, exercises, etc.,Câu hỏi, bài tập 
904 |i Hải 
980 |a Trung tâm Học liệu Trường Đại học Cần Thơ